Statistics for Movies By 1 Actor and 1 Actress - Julianne Moore Edition

Click here to take the quiz!

General Stats

  • This quiz has been taken 6 times
  • The average score is 9 of 25

Answer Stats

CastMovie% Correct
Harrison Ford, Jane LynchThe Fugitive
67%
Sylvester Stallone, Kelly RowanAssassins
50%
Liam Neeson, Amanda SeyfriedChloe
50%
Steve Carell, Emma StoneCrazy, Stupid Love
50%
Joseph Gordon-Levitt, Scarlett JohanssonDon John
50%
Tom Cruise, Melinda DillonMagnolia
50%
Vince Vaughn, Anne HechePsycho
50%
Alec Baldwin, Kristen StewartStill Alice
50%
Jeff Bridges, Tara ReidThe Big Lebowski
50%
Jeff Goldblum, Vanessa Lee ChesterThe Lost World: Jurassic Park
50%
Chloe Grace Moretz, Ansel ElgortCarrie
33%
Clive Owen, Pam FerrisChildren of Men
33%
Shia LaBeouf, Rosario DawsonEagle Eye
33%
Samuel L. Jackson, Edie FalcoFreedomland
33%
Natalie Portman, Charles MeltonMay December
33%
Nicolas Cage, Jessica BielNext
33%
Liam Neeson, Lupita Nyong'oNon-Stop
33%
Jennifer Lawrence, Josh HutchersonThe Hunger Games: Mockingjay
33%
Amy Adams, Gary OldmanThe Woman in the Window
33%
Colin Firth, Ginnifer GoodwinA Single Man
17%
Mark Ruffalo, Alice BragaBlindness
17%
Glenn Close, Charles S. DuttonCookie's Fortune
17%
Greta Gerwig, Ethan HawkeMaggie's Plan
17%
John Cusack, Mia WasikowskaMaps to the Stars
17%
Matt Damon, Karimah WestbrookSuburbicon
17%

Score Distribution

Percentile by Number Answered

Percent of People with Each Score

Your Score History

You have not taken this quiz